Donal Logue Filmography - Statistics

General Stats
  • This quiz has been taken 6 times
    1 since last reset
  • The average score is 1 of 122
Answer Stats
Type Year Name % Correct
TV Film 1998 A Bright Shining Lie
100%
TV Film 2008 1%
0%
Film 1993 3 Ninjas: Knuckle Up
0%
Film 1995 3 Ninjas Knuckle Up
0%
Film 2013 9 Full Moons
0%
Film 2021 All My Puny Sorrows
0%
Film 2006 Almost Heaven
0%
TV Show 1993 Almost Home
0%
Film 2003 American Splendor
0%
TV Film 1993 And the Band Played On
0%
Film 1995 Baja
0%
Film 1998 Blade
0%
Film 2013 CBGB
0%
Film 2010 Charlie St. Cloud
0%
Film 2006 Citizen Duane
0%
Film 2002 Comic Book Villains
0%
TV Mini-Series 1990 Common Ground
0%
Film 2003 Confidence
0%
TV Show 2013 Copper
0%
TV Show 2007 Damages
0%
TV Film 1991 Darrow
0%
Film 1996 Dear God
0%
Web Series 2021 Departure
0%
Film 1996 Diabolique
0%
Film 1994 Disclosure
0%
Film 2022 Door Mouse
0%
Web Series 2020 Dummy
0%
Web Series 2025 Duster
0%
TV Show 2003-2005 ER
0%
Film 1996 Eye for an Eye
0%
TV Show 1998 Felicity
0%
Film 1997 First Love, Last Rites
0%
Web Series 2024 Genius
0%
TV Film 1992 Getting Up and Going Home
0%
Film 1993 Gettysburg
0%
Film 2007 Ghost Rider
0%
Film 1997 Glam
0%
TV Show 2014-2019 Gotham
0%
TV Show 2016 Gotham Stories
0%
Commercial 2002 Got Milk?
0%
TV Show 2001-2005 Grounded for Life
0%
TV Show 1997 Gun
0%
TV Film 2008 Hackett
0%
TV Film 2011 Hallelujah
0%
Film 1993 Heaven & Earth
0%
TV Show 2011 House
0%
Film 2006 Jack's Law
0%
Film 1996 Jerry Maguire
0%
Film 2005 Just Like Heaven
0%
Film 2012 Kill for Me
0%
TV Film 1993 Labor of Love: The Arlette Schweitzer Story
0%
TV Show 2014-2015, 2022 Law & Order: Special Victims Unit
0%
TV Show 2008-2009 Life
0%
Film 1994 Little Women
0%
Music Video 2011 Lowlife
0%
Film 2008 Max Payne
0%
TV Show 1995 Medicine Ball
0%
TV Film 1991 Medusa: Dare to Be Truthful
0%
Film 1997 Men with Guns
0%
Film 1997 Metro
0%
Film 1995 Miami Rhapsody
0%
TV Show 2007 Monk
0%
TV Show 2025 Murdoch Mysteries
0%
Short Film 2008 No Place Like Home
0%
TV Show 1994 Northern Exposure
0%
Film 2011 Oliver Sherman
0%
Web Series 2026 Prison Break
0%
TV Show 1996 Public Morals
0%
Film 2007 Purple Violets
0%
Film 2000 Reindeer Games
0%
Film 2021 Resident Evil: Welcome to Raccoon City
0%
Film 1991 Robotrix
0%
TV Show 2012 Royal Pains
0%
Film 1999 Runaway Bride
0%
Film 2006 Shark Bait
0%
Film 2011 Shark Night
0%
Film 2012 Silent Night
0%
TV Show 2023 SisterS
0%
Film 1992 Sneakers
0%
Film 2021 Sometime Other Than Now
0%
TV Show 2012-2013 Sons of Anarchy
0%
Film 2000 Steal This Movie!
0%
TV Show 2019 Stumptown
0%
TV Film 2012 Sunshine Sketches of a Little Town
0%
TV Show 1995 Sweet Justice
0%
Film 2005 Tennis, Anyone...?
0%
TV Show 2010 Terriers
0%
Film 1999 The Big Tease
0%
Film 2001 The Château
0%
Film 2018 The Cloverfield Paradox
0%
TV Show 1992 The Commish
0%
Film 1994 The Crew
0%
TV Show 2022-2024 The Equalizer
0%
Film 2006 The Ex
0%
Film 2007 The Good Life
0%
Film 1996 The Grave
0%
Film 2006 The Groomsmen
0%
Film 2015 The Intruders
0%
TV Show 2007 The Knights of Prosperity
0%
Film 2009 The Lodger
0%
Film 2024 The Lost Daughter
0%
Film 2000 The Million Dollar Hotel
0%
Film 1999 The Opportunists
0%
Film 2000 The Patriot
0%
TV Show 1997-1999 The Practice
0%
Film 2012 The Reef 2: High Tide
0%
TV Show 1996 The Single Guy
0%
Film 1996 The Size of Watermelons
0%
Film 2000 The Tao of Steve
0%
Film 1998 The Thin Red Line
0%
TV Film 2012 The Tin Star
0%
TV Show 2020 The Unicorn
0%
TV Show 1993 The X-Files
0%
TV Film 1994 The Yarn Princess
0%
Film 2000 Track Down
0%
Film 2003 Two Days
0%
TV Show 2013-2014 Vikings
0%
Film 2018 We Only Know So Much
0%
TV Show 2021 What We Do in the Shadows
0%
TV Film 2005 Wiener Park
0%
Short Film 1996 Winterlude
0%
Film 2007 Zodiac
0%
No matching quizzes found
Score Distribution
Percent of People with Each Score
Percentile by Number Answered
Your Score History
You have not taken this quiz since the last reset